1258 1843 1327 1557 1840 1007 1789 1550 1328 1948 1879 1088 1471 1295 1995 1083 1056 1092 1399 1197 1613 1753 1935 1908 1834 1207 1864 1931 1969 1623 1835 1216 1632 1275 1958 1269 1677 1972 1324 1874 1735 1871 1377 1932 1026 1309 1261 1752 1834 1924 1499 1361 1214 1788 1211 1697 1742 1543 1369 1464 1030 1256 1298 1184 1036 1924 1301 1712 1617 1053 1160 1774 1318 1020 1793 1082 1258 1113 1348 1690 1406 1920 1897 1222 1130 1342 1025 1192 1433 1030 1698 1048 1452 1514 1460 1183 1816 1573 1734 BCNSPRNW ULIB Ver.6.0+V

เปลี่ยนเป็นภาษาไทย

Change to English
 แสดงรายละเอียดบรรณานุกรม
  กลับหน้าหลัก

Brief Record : Get Marc (ISO 2709) : E-mail record : QR code < ปิดหน้าต่าง
LEADER : 00000nam 2200000uu 4500
001    13399114991
003     ULIB
008    120627s2550||||th 000 0 tha d
020    ^a9789747503227
090    ^aนว.^bล911ด 2550
100 0  ^aLee Hyun joo
245 00 ^aดีไซน์หัวใจให้ตรงรัก/^cโพมุล
250    ^aพิมพ์ครั้งที่
260    ^aกรุงเทพฯ :^bแจ่มใส,^c2550
300    ^a288 หน้า
710 1  ^aแจ่มใส
945    ^p179^l0^i14064
995    ^aกัณชพร
999    ^aใช้งานได้ทุกระบบ
รายการนี้ยังไม่มีแท็ก
คุณยังไม่ได้ล็อกอิน คุณสามารถมีกิจกรรมร่วมกับเว็บไซต์ได้ แต่ต้องล็อกอินก่อน ::
  ล็อกอิน

รายการสื่อสารสนเทศ

ลำดับที่ ประเภท เลขเรียก/บาร์โค้ด สถานที่ สถานะ
- ไม่พบข้อมูล -

BibComment


ยังไม่เคยถูกคอมเมนท์

คอมเมนท์ทรัพยากรรายการนี้
  คอมเมนท์: ดีไซน์หัวใจให้ตร..


 Copyright 2026. Bcnsprnw @Library